The Legal Writing Handbook : (Record no. 13)
[ view plain ]
| 000 -LEADER | |
|---|---|
| fixed length control field | 00792cam a22002414a 4500 |
| 003 - CONTROL NUMBER IDENTIFIER | |
| control field | OSt |
| 005 - DATE AND TIME OF LATEST TRANSACTION | |
| control field | 20180130172225.0 |
| 008 - FIXED-LENGTH DATA ELEMENTS--GENERAL INFORMATION | |
| fixed length control field | 170710b xxu||||| |||| 00| 0 eng d |
| 020 ## - INTERNATIONAL STANDARD BOOK NUMBER | |
| International Standard Book Number | 0735524874 |
| 040 ## - CATALOGING SOURCE | |
| Original cataloging agency | LDCLIB |
| Transcribing agency | LDCLIB |
| 082 00 - DEWEY DECIMAL CLASSIFICATION NUMBER | |
| Classification number | 340.0149 |
| Edition number | 22 |
| Item number | OAT |
| 100 1# - MAIN ENTRY--PERSONAL NAME | |
| Personal name | Oates, Laurel Currie. |
| 9 (RLIN) | 38 |
| 245 14 - TITLE STATEMENT | |
| Title | The Legal Writing Handbook : |
| Remainder of title | analysis, research, and writing / |
| Statement of responsibility, etc | Laurel Currie Oates, Anne Enquist, Kelly Kunsch. |
| 250 ## - EDITION STATEMENT | |
| Edition statement | 3rd ed. |
| 260 ## - PUBLICATION, DISTRIBUTION, ETC. (IMPRINT) | |
| Place of publication, distribution, etc | New York : |
| Name of publisher, distributor, etc | Aspen Law & Business, |
| Date of publication, distribution, etc | c2002. |
| 300 ## - PHYSICAL DESCRIPTION | |
| Extent | xxxvi, 954 p. : |
| Other physical details | ill. ; |
| Dimensions | 26 cm. + |
| Accompanying material | teacher's manual. |
| 500 ## - GENERAL NOTE | |
| General note | Includes index. |
| 650 #0 - SUBJECT ADDED ENTRY--TOPICAL TERM | |
| Topical term or geographic name as entry element | Legal composition. |
| 9 (RLIN) | 39 |
| 650 #0 - SUBJECT ADDED ENTRY--TOPICAL TERM | |
| Topical term or geographic name as entry element | Legal research |
| Geographic subdivision | United States. |
| 9 (RLIN) | 40 |
| 700 1# - ADDED ENTRY--PERSONAL NAME | |
| Personal name | Enquist, Anne, |
| Dates associated with a name | 1950- |
| 9 (RLIN) | 41 |
| 700 1# - ADDED ENTRY--PERSONAL NAME | |
| Personal name | Kunsch, Kelly, |
| Dates associated with a name | 1958- |
| 9 (RLIN) | 42 |
| 942 ## - ADDED ENTRY ELEMENTS (KOHA) | |
| Source of classification or shelving scheme | Dewey Decimal Classification |
| Koha item type | Books |
| Withdrawn status | Lost status | Source of classification or shelving scheme | Damaged status | Not for loan | Home library | Current library | Shelving location | Date acquired | Total Checkouts | Full call number | Barcode | Date last seen | Price effective from | Koha item type |
|---|---|---|---|---|---|---|---|---|---|---|---|---|---|---|
| Dewey Decimal Classification | Law Development Centre Main Library | Law Development Centre Main Library | Text Books and Laws | 04/06/2011 | 340.0149 OAT | 0806 | 04/06/2011 | 04/06/2011 | Books |
